Antibiotiká s duálnym účinkom odvodené od berkeleylaktónu A
Na minha lista:
| Autor principal: | |
|---|---|
| Outros Autores: | |
| Formato: | Manuscrito Livro |
| Idioma: | eslovaco |
| Publicado em: |
2023
|
| Assuntos: | |
| Acesso em linha: | http://is.stuba.sk/zp/portal_zp.pl?podrobnosti=163465 |
| Tags: |
Sem tags, seja o primeiro a adicionar uma tag!
|
MARC
| LEADER | 00000ntm a22000003a 4500 | ||
|---|---|---|---|
| 001 | stuzp94317 | ||
| 003 | SK-STU | ||
| 005 | 20230909221720.5 | ||
| 007 | ta | ||
| 008 | 150427s2015----xo-----f-mn---000-0-slo-d | ||
| 040 | |a STU |b slo | ||
| 041 | 0 | |a slo | |
| 100 | 1 | |a Jurišová, Nina |u 048140 |4 aut |U FCHPT Ústav organickej chémie, katalýzy a petrochémie |T FCHPT Oddelenie organickej chémie |X 111557 |U C8140 |Y 124 |7 111557 | |
| 242 | 0 | 1 | |a Dual action antibiotics derived from berkeleylactone A |y eng |
| 245 | 1 | 0 | |a Antibiotiká s duálnym účinkom odvodené od berkeleylaktónu A |
| 260 | |c 2023 | ||
| 650 | 4 | |a penémy |2 slo | |
| 650 | 4 | |a karbapenémy |2 slo | |
| 650 | 4 | |a β-laktámové antibiotiká |2 slo | |
| 650 | 4 | |a antimikrobiálna rezistencia |2 slo | |
| 650 | 4 | |a makrolidy |2 slo | |
| 650 | 4 | |a história antibiotík |2 slo | |
| 650 | 4 | |a proliečivá |2 slo | |
| 650 | 4 | |a antibiotiká s duálnym účinkom |2 slo | |
| 650 | 4 | |a hybridné antibiotiká |2 slo | |
| 650 | 4 | |a berkeleylaktón A |2 slo | |
| 650 | 4 | |a MRSA |2 slo | |
| 650 | 4 | |a mechanizmus účinku |2 slo | |
| 650 | 4 | |a dual action antibiotics |2 eng | |
| 650 | 4 | |a macrolides |2 eng | |
| 650 | 4 | |a history of antibiotics |2 eng | |
| 650 | 4 | |a prodrugs |2 eng | |
| 650 | 4 | |a mechanism of action |2 eng | |
| 650 | 4 | |a hydrid antibiotics |2 eng | |
| 650 | 4 | |a β-lactam antibiotics |2 eng | |
| 650 | 4 | |a berkeleylactone A |2 eng | |
| 650 | 4 | |a antimicrobial resistance |2 eng | |
| 650 | 4 | |a penems |2 eng | |
| 650 | 4 | |a carbapenems |2 eng | |
| 650 | 4 | |a MRSA |2 eng | |
| 700 | 1 | |a Jakubec, Pavol |u 048140 |k Z1 |4 ths |U FCHPT Ústav organickej chémie, katalýzy a petrochémie |T FCHPT Oddelenie organickej chémie |X 4023 |U C8140 |Y 124 |7 A000004023 | |
| 856 | 4 | |u http://is.stuba.sk/zp/portal_zp.pl?podrobnosti=163465 | |